01376nam a22002057a 4500003000400000005001700004008004100021024001800062040000700080050001500087100001800102245004800120246003400168260005200202300003100254490002600285505081200311653002201123710002501145OSt20211207150901.0120530t xxu||||| |||| 00| 0 eng d a1453901091314 cLC aHG4026.B97 qBusaba, Walid aAdvanced corporate finance. /cWalid Busaba aMBA 9404 2013/2014 - Elective aLondon, Ontario:bIvey Business School, c2013. a[various pagings].:bill.; 3Business case studies aContents: Where have the insider traders gone? options markets are their new home -- A preannoucement leak for traders dow jones options? -- WorldCom director uses exotic play to hedge stake -- Contrary bets on Yahoo, goldman -- Sleepless in L.A. -- Mogen, Inc. -- Symatec corporation: convertible notes with call spread -- Introduction to real options -- The ramsync brief -- Uses, abuses, and alternatives to the Net-present-value rule -- MW petroleum corporation (A) -- Apache sees profit in discards -- Options in the mirror, bigger than they seem -- Valuing employee stock options -- Employee stock option valuation with an early exercise boundary -- Executive stock potions: early exercise provisions and risk taking incentives -- Oil falls to $91 as data suggest demand shift -- Wimps to wizards -- aCorporate finance bIvey Business School